000 00963nam a2200277 a 4500
001 BRL_495
005 20190320210753.0
008 210813s1963----gw-abo####---#000-0#ger-#
041 _ager
044 _agw
050 4 _aN5305
_b.K86 12 1963
100 1 _aB. Griswold, Alexander
_924102
245 1 0 _aBurma Korea Tibet
_cvon Alexander B. Griswold, Chewon Kim, Pieter H. Pott.
260 _aGermany
_bHolle-Verlag Baden-Baden
_c1963
300 _a278 p.
_bil. (algunas a color), mapas
_c23 cm.
440 0 _aKunst der Welt; ihre geschichtlichen, soziologischen und religiösen Grundlagen
_pDie aussereuropäischen Kulturen
_v12
_924103
500 _aAu523
500 _aBibliografía: p. 261-268
650 1 4 _aArte birmano
_xHistoria.
_924104
650 1 4 _aArte coreano
_xHistoria.
_924105
650 1 4 _aArte tibetano
_xHistoria.
_924106
700 1 _aKim, Chewon
_ecoaut.
_924107
700 1 _aPott, Pieter H.
_ecoaut.
_924108
902 _aGRL
942 _2lcc
_cB
999 _c9307
_d9307